Statistiche per Quiz sulla Sierra Leone

Clicka qui per fare il quiz!

Statistiche generali

  • Questo quiz è stato fatto 221 volte
  • Il punteggio medio è 11 su 15

Statistiche sulle risposte

HintRisposta% Corretto
Lingua ufficialeInglese
99%
Paese da cui ottenne l'indipendenza nel 1961Regno Unito
99%
Liberia
96%
Paesi confinantiGuinea
93%
Religione più praticataIslam
92%
Epidemia di malattia che ha ucciso 3.956 persone dal 2013 al 2016Ebola
91%
CapitaleFreetown
88%
Fu abolita solamente nel 1928Schiavitù
85%
A 54,3 anni, la Sierra Leone ha la 4 ° ___ _____ più bassa di qualsiasi paese{Aspettativa} di vita
83%
Esportazione più importanteDiamanti
63%
La seconda città più grande (ha solo due lettere)Bo
57%
Film del 2006 sul commercio di sopra, interpretato da Leonardo DiCaprioBlood Diamond - Diamanti di sangue
52%
Moneta della Sierra LeoneLeone
50%
Coltivazione più importanteRiso
40%
La capitale è stata fondata parzialmente come un posto per i neri che hanno combattuto sul lato lealista di questa guerraRivoluzione americana
32%

Distribuzione punteggi

Percentile per numero di risposta

Percentuale di utenti per punteggio

I tuoi punteggi nel tempo

Non hai fatto questo quiz